000 00422nam a22001697a 4500
003 MPLRDC
005 20220104125414.0
008 210129b ||||| |||| 00| 0 eng d
020 _a7-80521-114-0
082 _a857.4572 JZM v.2
100 _a姜振名等著
245 _a康熙平江南. 下
_c
260 _a
_b广东旅游出版社
_c1989
300 _b
650 _a历史小说
942 _cBK
_o857.4572 JZM v.2
999 _c27104
_d27094